000 00707cam a22001932 4500
001 0000023439
005 20151217161557.0
008 121129s xx 000 0 eng d
100 1 _aGachoka, Janet.
_@0000182827
245 1 0 _aeffects of strategies used in enhancing the competitiveness of tour and travel industry :
_ba case of Nakuru municipality /
_cJanet Gachoka.
260 _aNakuru :
_bKabarak University,
_c2012.
300 _aix, 49 leaves +
_e1 CD-ROM.
502 _aThesis (MBA) - Kabarak University, 2012.
650 0 _aTourism.
_zKenya
_zNakuru.
_@0000182828
650 0 _aTravel.
_@0000182829
908 _a121129
950 _@1
999 _c15376
_d15376